000 01070cam a2200277 a 4500
999 _c232674
_d232674
001 4925331
003 NUST
005 20170222122222.0
008 950614s1996 iluab b 001 0 eng
010 _a 95023362
020 _a0256130957
040 _aDLC
_cDLC
_dDLC
050 0 0 _aHB90
_b.R67 1996
082 0 0 _a337
_220
100 1 _aRosser, John Barkley,
_d1948-
245 1 0 _aComparative economics in a transforming world economy /
_cJ. Barkley Rosser, Jr., Marina V. Rosser.
260 _aChicago :
_bIrwin,
_cc1996.
300 _axx, 488 p. :
_bill., maps ;
_c25 cm.
440 4 _aThe Irwin series in economics
504 _aIncludes bibliographical references and index.
650 0 _aComparative economics.
650 0 _aInternational economic relations.
700 1 _aRosser, Marina V.
_q(Marina Vschernaya)
906 _a7
_bcbc
_corignew
_d1
_eocip
_f19
_gy-gencatlg
942 _2ddc
_cBK